Budúci rok by mal byť v poľnohospodárstve vyrovnaný
Rok 1995 je podľa štátneho tajomníka MP SR MvDr. N.Beňušku pre rezort poľnohospodárstva stabilizujúci a budúci bude vyrovnaný. Vývoj obchodnej bilancie poľnohospodárskych a potravinárskych produktov. Úroda obilia a kukurice a ostatných poľnohospodárskych plodín. Úroda zemiakov, cukrovej repy a hrozn...
Saved in:
| Main Author: | |
|---|---|
| Other Authors: | |
| Format: | Book Chapter |
| Language: | Slovak |
| Subjects: | |
| Tags: |
No Tags, Be the first to tag this record!
|
MARC
| LEADER | 00000naa a2200000 4500 | ||
|---|---|---|---|
| 001 | r020441 | ||
| 005 | 20221205102905.5 | ||
| 041 | 0 | |a slo | |
| 044 | |a SK | ||
| 245 | 1 | 0 | |a Budúci rok by mal byť v poľnohospodárstve vyrovnaný |c J. Janků, Š. Palacka |
| 520 | |a Rok 1995 je podľa štátneho tajomníka MP SR MvDr. N.Beňušku pre rezort poľnohospodárstva stabilizujúci a budúci bude vyrovnaný. Vývoj obchodnej bilancie poľnohospodárskych a potravinárskych produktov. Úroda obilia a kukurice a ostatných poľnohospodárskych plodín. Úroda zemiakov, cukrovej repy a hrozna. | ||
| 610 | 2 | 0 | |a poľnohospodárstvo |
| 610 | 2 | 0 | |a Slovensko |
| 610 | 2 | 0 | |a 1995 |
| 610 | 2 | 0 | |a výnosy hektárové |
| 610 | 2 | 0 | |a bilancia obchodná |
| 610 | 2 | 0 | |a výrobky poľnohospodárske |
| 610 | 2 | 0 | |a obilniny |
| 610 | 2 | 0 | |a komodity |
| 610 | 2 | 0 | |a zemiaky |
| 610 | 2 | 0 | |a cukor |
| 610 | 2 | 0 | |a repa cukrová |
| 610 | 2 | 0 | |a hrozno |
| 100 | 1 | |a Janků, Jaroslav | |
| 700 | 1 | |a Palacka, Š. | |